Chansons les plus streamées : Laurent Voulzy - Statistiques

Statistiques générales
  • Ce quiz a été pris 78 fois
    12 depuis la dernière actualisation
  • Le résultat moyen est 3 sur 10
Statistiques - réponses
Nb de streams Chanson % Correct
33 500 000 Rockollection
75%
18 500 000 Belle-Île-en-Mer, Marie-Galante
67%
10 000 000 Le coeur grenadine
58%
12 500 000 Jeanne
42%
24 000 000 Le pouvoir des fleurs
42%
8 000 000 Désir, désir, Pt. 1 (avec Véronique Jannot)
25%
5 500 000 La fille d'avril
25%
3 000 000 Le rêve du pêcheur
8%
3 500 000 Derniers baisers
0%
3 000 000 Derrière les mots (avec Alain Souchon)
0%
Aucun quiz correspondant
Distribution des résultats
% des personnes avec chaque résultat
Percentile par nombre de réponses
Votre historique - résultats
Vous n’avez pas pris ce quiz depuis la dernière actualisation